00201nam a2200073Ia 4500008004100000082000800041100002600049245005200075240331s9999 xx 000 0 und d bTHO aSri Lanka social work 0aThottach chiruvarnilayach chevayarukana kainool